000 00419nam a2200169Ia 4500
008 100921t2000 xxu||||| |||| 00| 0 sin d
041 _asin
080 _aX8S31
_bGOM
100 _aGomaz, jayantha
245 _aකළුවර අරුණ
246 _aKaluwara Aruna 27
260 _bSooriya
_aColombo
_c2000
300 _a271p., 21 cm
942 _cBK
999 _c71580
_d71580
003 LK-CoDNM
040 _aLK-CoDNM
_dLK-CoDNM
_eLK-CoDNM